KES Sixth Form Quiz Stats

 Plays Quiz not verified by Sporcle

Score 0/114 Timer 20:00
0 Plays Today
Nickname/Something related to the person Name % Correct
WaitroseSam Peat
48.3%
BGEEdward Blight
46.3%
WaitroseAlex McPherson
45.6%
SkinnyPeter Alton
44.3%
Boner BoyMatt Hayward
43.6%
-Andrew Philpot
43.6%
-Matt Poole
43%
BabyRory Allen
40.9%
-James Wilkey
40.9%
But kitty's ass?!Adam Lax
40.3%
TeddyNicholas Watson
40.3%
STDHamish Robertson
39.6%
-Alex Winyard
39.6%
TricepsHaris Ismail
38.9%
Don't LieAnish Mehay
38.9%
Once called TinyMatthew Chatwin
38.3%
BlogsMark Wright
38.3%
-Daniel Sutton
37.6%
-Samir Ahmad
36.9%
BBDGeorge Hims
36.9%
Chatha's _______Rohan Kalia
36.9%
Joke shotgunAlex Mason
36.9%
-Alex Cattaneo
36.2%
Pot HeadBen Gadd
36.2%
-Ed Hobbs
36.2%
-Zain Ismail
36.2%
-James Travers
36.2%
-Aiden Wilkinson
36.2%
-Alex Bion
35.6%
-Gareth Davies
35.6%
TANKMike Hoffman
35.6%
Some call him GODGuy Brindley
34.9%
MidgetDavid Browning
34.9%
Long Jump is my LIFEJames Griffith
34.9%
-Nick Wood
34.9%
-Sam Hobbs
34.2%
DinasoursKurran Kathuria
34.2%
GYMScott Langley
34.2%
Nickname/Something related to the person Name % Correct
-Jamie Tyzzer
34.2%
-Christopher Bland
33.6%
-Joe Harrison
33.6%
-Julian Khanna
33.6%
-Lawrence Pardoe
33.6%
I DONT CARENish Patel
33.6%
-Ikaash Chatha
32.9%
-James Shirley
32.9%
EEWill Jagessar
32.2%
-Rohin Maini
32.2%
-Faisal Ahmed
31.5%
-Michael Hawrylak
31.5%
seattleSimon Schulz
31.5%
-Vincent Cheung
31.5%
_____ I want a Corn DogAmeer Allybocus
30.9%
-George Bellshaw
30.9%
-Ben Coleman
30.9%
TKRanvir Cheema
30.2%
-Richard Gardiner
30.2%
-Samuel Gee
30.2%
-Rajiv Gogna
30.2%
-Sam Newton
30.2%
-Akash Patel
30.2%
-Robert Stone
30.2%
-Robert Dudley
29.5%
-Anthony Ojukwu
29.5%
-Will Divall
28.9%
-Oliver Moreton
28.9%
-Rohan Prakash
28.9%
-Rory Singh
28.9%
-Matt Bowker
28.2%
-Faiz Haq
28.2%
-Anish Singal
28.2%
-Aaron Rai
27.5%
RobotsDaryl Rodrigo
27.5%
-Lewis Syms-Wood
27.5%
-Aman Dosanjh
26.8%
-Alistair Eggo
26.8%
Nickname/Something related to the person Name % Correct
-Sebastian Hall
26.8%
-Sam Kinshuck
26.8%
-Finn Milton
26.8%
-Henry O'Brian
26.8%
-Yeajoon Cho
26.8%
-Ravi Dosanjh
26.2%
Allow thatKaiser Malik
26.2%
-Zach Roye
26.2%
-Zubin Bativala
25.5%
-Edward Chung
25.5%
-Gaurav Kumar
25.5%
-Safran Mahmood
25.5%
-Gregory Stacey
25.5%
-Yaseen Malik
24.8%
-Rohith Sunkaraneni
24.8%
-Stephan Turner
24.8%
-Anuj Wali
24.8%
-Keshav Bajaj
24.2%
-Venkat Rao
23.5%
-Harry Bhalla
22.8%
-Amrit Chahal
22.8%
-Chad Lam
22.8%
-Grant McWalter
22.1%
-Isaac Yun
22.1%
-Prithu Banerjee
21.5%
-Haroon Hamid
21.5%
-Andy Hutt
21.5%
-Michael Kent
21.5%
-Chris Nye
21.5%
-Pavan Deu
20.8%
-Jacob Ninan
20.8%
-Kassim Mughal
20.1%
-Joe Neary
20.1%
-Naman Gupta
19.5%
WikipediaRahman Madadi
19.5%
-Hassaan Waqar
19.5%
-Nitin Farmah
18.1%
-Siddhanth Hegde
12.8%

You're not logged in!

Compare scores with friends on all Sporcle quizzes.
OR
Log In

Show Comments

Extras

Created Jan 25, 2010ReportNominate
Tags:boy, form, nickname, person, related, sixth

Top Quizzes Today


Score Distribution

Your Account Isn't Verified!

In order to create a playlist on Sporcle, you need to verify the email address you used during registration. Go to your Sporcle Settings to finish the process.

Report this User

Report this user for behavior that violates our Community Guidelines.

Details: